000 00588nam a2200205Ia 4500
003 GCL
008 140319s9999 xx 000 0 ara d
040 _aGCL /
_cGCL
082 0 4 _aط
_b813.02
_bح ا
100 1 _aحمدى عمارة
245 1 0 _aاصدقائى /
_cحمدى عمارة
260 _a[S.N] :
_bالدار المصرية اللبنانية ،
_c1993
300 _a115 ص
490 _aاصدقائى
_v0
650 0 4 _aالقصص القصيرة
650 0 4 _aالاطفال
650 0 4 _aقصص الاطفال
650 0 4 _aادب الاطفال
942 _2ddc
_cBK
999 _c29309
_d29309